| 000 | 00527nam a2200181 i 4500 | ||
|---|---|---|---|
| 001 | 91026 | ||
| 003 | ES-MaACL | ||
| 005 | 20231213062941.0 | ||
| 007 | t| | ||
| 008 | 050126s1972 sp |||| | spa d | ||
| 100 | 1 |
_aLera, Ángel María de, _d1912-1984 _971742 |
|
| 245 | 1 | 0 |
_aMi viaje alrededor de la locura / _cAngel Mª de Lera. |
| 260 |
_aBarcelona : _bPlaneta, _c[1972] |
||
| 300 |
_a213 p. ; _c21 cm. |
||
| 650 | 0 | 4 |
_aHospitales psiquiátricos. _913485 |
| 852 |
_aES-MaACL _jC-48960 |
||
| 999 |
_c91026 _d91026 |
||